logo

Bir Sreshtho Munshi Abdur Rouf Library
Jhenaidah Cadet College

সংসার জীবনের নানা দিক / (Record no. 11118)

MARC details
000 -LEADER
fixed length control field 00861nam a2200241 a 4500
001 - CONTROL NUMBER
JCCL Control Number 11118
003 - CONTROL NUMBER IDENTIFIER
JCCL marc code BD-JhCC
005 - DATE AND TIME OF LATEST TRANSACTION
control field 20190730133232.0
008 - FIXED-LENGTH DATA ELEMENTS--GENERAL INFORMATION
fixed length control field 190630b 2012bg |||| ||a| 000 0 ben d
020 ## - INTERNATIONAL STANDARD BOOK NUMBER
International Standard Book Number 9789844950306
035 ## - SYSTEM CONTROL NUMBER
system control number (BD-JhCC)11118
040 ## - CATALOGING SOURCE
Original cataloging agency BD-JhCC
Modifying agency BD-JhCC
041 ## - LANGUAGE CODE
Language code of Book ben
082 ## - DEWEY DECIMAL CLASSIFICATION NUMBER
Classification number 640
Author mark and Year SIM 2012
100 ## - MAIN ENTRY--PERSONAL NAME
Personal name সীমা, এলিজা হক
245 ## - TITLE STATEMENT
Title সংসার জীবনের নানা দিক /
Statement of responsibility, etc সম্পাদনা: মাহামুদুল হক জাহাঙ্গীর ।
260 ## - PUBLICATION, DISTRIBUTION, ETC. (IMPRINT)
Place of publication, distribution, etc ঢাকা:
Name of publisher, distributor, etc পার্ল পাবলিকেশন্স;
Date of publication, distribution, etc ২০১২.
300 ## - PHYSICAL DESCRIPTION
Pagination ৩৬৭ পৃঃ . :
Dimensions ২২ সেমি.
650 ## - SUBJECT ADDED ENTRY--TOPICAL TERM
Topical term or geographic name as entry element Home Economics
700 ## - ADDED ENTRY--PERSONAL NAME
Personal name জাহাঙ্গীর , মাহামুদুল হক
942 ## - ADDED ENTRY ELEMENTS (KOHA)
Source of classification or shelving scheme Dewey Decimal Classification
Koha item type Books
Holdings
Source of classification or shelving scheme Damaged status Not for loan Home library Current library Shelving location Cost, normal purchase price Total Checkouts Full call number Barcode Date last seen Copy number Koha item type
Dewey Decimal Classification     JCC Rouf Library JCC Rouf Library General Stacks 350.00   640 SIM 2012 15139 07/30/2019 C-1 Books

JCC Library | Contacts | JCC Home

Last Update on 23 September 2017
Copyright @ 2017-2020 JCC Rouf Library
Rouf Library, Jhenidah Cadet College (JCC), Bangladesh